| 000 | 00437nam a2200181Ia 4500 | ||
|---|---|---|---|
| 001 | 11113 | ||
| 005 | 20260306161922.0 | ||
| 008 | 260306t1978||||xx |||||||||||||| ||spa|| | ||
| 041 | _aESP | ||
| 082 |
_a985.009 _bD57 |
||
| 100 |
_aDenegri Luna, Félix _eAUT |
||
| 245 | 0 | _aSan Martín y su admirable estrategia política y militar | |
| 260 | _c1978 | ||
| 300 |
_a _c |
||
| 650 | _aGEN | ||
| 654 | _aCHU | ||
| 942 |
_cSEP _dJUS _fJUS _2ddc _n |
||
| 999 |
_c11113 _d11113 |
||